|
|
|
|
| LEADER |
00952nam a2200313 4500 |
| 001 |
DLU170182672 |
| 005 |
##20171226 |
| 020 |
# |
# |
|a 9786047850181
|
| 040 |
# |
# |
|a DLU
|b vie
|
| 041 |
# |
# |
|a vie
|
| 044 |
# |
# |
|a vn
|
| 082 |
# |
# |
|a 291.43
|b TR-M
|
| 100 |
# |
# |
|a Triệu Thị Mai.
|
| 245 |
# |
# |
|a Một số lễ giải hạn của người Tày, Nùng ở Cao Bằng /
|c Triệu Thị Mai.
|
| 260 |
# |
# |
|a H. :
|b Mỹ thuật,
|c 2016.
|
| 300 |
# |
# |
|a 494 tr. :
|b minh họa màu ;
|c 21 cm.
|
| 505 |
# |
# |
|a Phần một. Đời sống tinh thần của người Tày - Nùng -- Phần hai. Một số lễ giải hạn (kẻ nản).
|
| 650 |
# |
# |
|a Tày Nùng (Dân tộc Đông Nam Á)
|z Việt Nam
|z Cao Bằng
|x Tín ngưỡng.
|
| 923 |
# |
# |
|a 01/2017
|
| 991 |
# |
# |
|a SH
|
| 992 |
# |
# |
|a 20000
|
| 994 |
# |
# |
|a DLU
|
| 900 |
# |
# |
|a True
|
| 911 |
# |
# |
|a Nguyễn Thanh Hương
|
| 925 |
# |
# |
|a G
|
| 926 |
# |
# |
|a A
|
| 927 |
# |
# |
|a SH
|
| 980 |
# |
# |
|a Thư viện Trường Đại học Đà Lạt
|